| 000 | 00565nam a2200229Ia 4500 | ||
|---|---|---|---|
| 003 | OSt | ||
| 005 | 20220924142347.0 | ||
| 006 | a|||||r|||| 00| 0 | ||
| 007 | ta | ||
| 008 | 220923b |||||||| |||| 00| 0 ben d | ||
| 024 | _a301646 | ||
| 037 | _cTextual | ||
| 040 |
_aARTS _cARTS _bben |
||
| 041 |
_2ben _aben |
||
| 082 | _aV5:1:N5, 157K2 | ||
| 100 |
_aRoy Annadashankar _9213289 |
||
| 245 | 0 | _aEuropean chitti | |
| 260 | _c1962 | ||
| 650 | _aHISTORY | ||
| 942 |
_hV5:1:N5, 157K2 _cTEXL _2CC |
||
| 999 |
_c450459 _d450459 |
||